00414nam a2200145Ia 4500008004100000020001500041041001200056082001600068100001900084245009100103260003900194300000800233650000800241700001900249221030s9999 xx 000 0 und d a8178083515 aEnglish a105.23bCou aR. F. Coughlin 0aOperational Amplifiers & Linear Integrated Circuitscby R. F. Coughlin, F. F. Driscoll bPearson EducationaNew Delhic2001 a529 aECE aF. F. Driscoll